Normale Ansicht MARC-Ansicht ISBD

Sowjetjugend 1917 - 1941 : (Titelsatznr. 8175)

[ MARC ]
MARC-Details
000 -Satzkennung
Kontrollfeld mit fester Länge 00618nam a22001931c 4500
001 - Kontrollnummer
Kontrollfeld 326985077
008 - Feld mit fester Länge zur physischen Beschreibung - Allgemeine Angaben
Kontrollfeld mit fester Länge 060418s2001 gw |||| 000u ger d
020 ## - Internationale Standardbuchnummer
Internationale Standardbuchnummer 3884749838
Verknüpfung 3-88474-983-8
041 ## - Sprachcode
Sprachcode des Textes/der Tonspur oder des separaten Titels ger
040 ## - Katalogisierungsquelle
Übertragungsstelle RU-10907106
003 - Kontrollnummer Identifier
Kontrollfeld RU-10907106
100 1# - Haupteintragung - Personenname
Personenname Kuhr-Korolev, Corinna
Koha-Normdatenidentnummer 11670
245 00 - Titel
Titel Sowjetjugend 1917 - 1941 :
Zusatz zum Titel Generation zwischen Revolution und Resignation /
Verfasserangabe etc. Corinna Kuhr-Korolev ... (Hg.)
264 ## - Produktion, Veröffentlichung, Distribution, Herstellung und Urheberrechtsvermerk
Herstellungs-, Veröffentlichungs- Vertriebs-, Erzeugungsort Essen :
Produzent, Herausgeber, Distributor, Hersteller Klartext-Verl.,
Datum der Herstellung, der Veröffentlichung, des Vertriebs oder des Urheberschutzvermerks 2001
300 ## - Physische Beschreibung
Umfang 310 S. ; 24 cm
546 ## - Fußnote zur Sprache
Sprache Beitr. teilw. in dt., teilw. in engl
700 1# - Nebeneintragung - Personenname
Personenname Plaggenborg, Stefan
Funktionsbezeichnung VerfasserIn
Koha-Normdatenidentnummer 11671
942 ## - Zusätzliche Felder (Koha)
Koha-Medientyp Monographien
Exemplare
Ausgeschieden Verloren Klassifikation oder Aufstellungssystematik Beschädigt Nicht entleihbar Heimatbibliothek Aufenthaltsbibliothek Aufstellungsort Erwerbungsdatum Inventarnummer Signatur Barcode Letzte Aktivität Preis gültig von Koha-Medientyp
    Andere/Generische Klassifikation     MWN Osteuropa MWN Osteuropa Magazin - 2 18/04/2006 06-00224 R 62 f Kuh 2 E004015079084F6A 22/02/2021 22/03/2021 Monographien